Top 30 Nationalspieler Deutschlands - Statistiken

Allgemein
  • Dieses Quiz wurde 925 mal gespielt
  • Das Durchschnittsergebnis liegt bei 15 aus 30
Antwortstatistiken
Länderspiele Spieler % Korrekt
5 116* Thomas Müller
98%
6 113* Manuel Neuer
97%
2 137 Miroslav Klose
88%
6 113 Philipp Lahm
88%
4 121 Bastian Schweinsteiger
87%
1 150 Lothar Matthäus
84%
30 76 Mats Hummels/Jérôme Boateng
81%
20 86 Oliver Kahn
78%
12 103 Franz Beckenbauer
75%
3 130 Lukas Podolski
72%
9 106 Toni Kroos
72%
18 92 Mesut Özil
62%
14 98 Michael Ballack
62%
11 104 Per Mertesacker
53%
29 77 Sami Khedira
53%
8 108 Jürgen Klinsmann
47%
19 90 Rudi Völler
47%
16 95 Karl-Heinz Rummenigge
43%
17 95 Sepp Maier
39%
28 78 Mario Gómez
37%
20 86 Andreas Brehme
35%
10 105 Jürgen Kohler
24%
27 79 Torsten Frings
23%
24 81 Bernd Schneider
20%
23 82 Arne Friedrich
19%
15 96 Berti Vogts
18%
13 101 Thomas Häßler
18%
22 85 Andreas Möller
14%
24 81 Wolfgang Overath
9%
24 81 Karlheinz Förster
4%
Keine übereinstimmenden Quizze gefunden
Verteilung der Resultate
Anzahl Personen mit jedem Resultat
Perzentil nach korrekt beantworteten Fragen
Ihre Resultats-Entwicklung
Sie haben dieses Quiz noch nicht gespielt